000 00540nam a22002171a 4500
001 1328
003 OSt
005 20260204211729.0
008 040119s1998||||sp ||||||b||||||||||spa||
020 _a8427706243
050 _a371.422 M791a
082 _a371.422 M791a
100 _aMora, Juan Antonio
245 _aAcción tutorial y orientación educativa / Juan Antonio Mora
250 _a5
264 _aEspaña : Narcea
300 _a170 p.
500 _aIncluye indice
650 _a1.Orientación-EscolarÌ
942 _2ddc
_cBK
999 _c1328
_d1328